01306nam a22002537a 4500001000400000003000400004005001700008008004100025020001500066040000800081041000800089082001700097100002900114245004500143260004300188300001900231520070300250650002600953650001900979650001300998655001201011655001601023830001301039473OSt20250902104009.0250902b |||||||| |||| 00| 0 eng d a8508033710 bpor hpor04a028.5bM313t1 aAquino, Marçal,d1958-12aA turma da Rua Quinze /cMarçal Aquino aSão Paulo :bEditora Ática,c1989. a109p. :bil. ; aMarcão desaparece de repente, deixando todos da rua Quinze preocupados. E várias perguntas começam a pintar para a turma. Quem é aquele homem estranho com uma horrível cicatriz no rosto? Por que Marcão desapareceu sem deixar vestígios? O que significa tanto movimento naquele velho casarão no fim da rua? Em busca de resposta para essas perguntas, Pedro, Serginho e Renato e toda a turma da rua Quinze decidem entrar em ação. Você nem imagina do que esse grupo de jovens é capaz! Em capítulos repletos de surpresas, o leitor acompanha cada passo da turma na grande empreitada para desvendar o desaparecimento de Marcão e todos os outros mistérios que rondam o bairro.  aLiteratura Brasileira aInfantojuvenil aAventura 0aRomance 0aFicção  0aVagalume